[Event "Int SVK-ch Open 2020"]
[Site "Drienica"]
[Date "2020.08.08"]
[Round "2.7"]
[White "Ivanecka, Natalia"]
[Black "Bakalar, Jan"]
[Result "1/2-1/2"]
[WhiteElo "1641"]
[BlackElo "1900"]
[Annotator "TA"]
[PlyCount "132"]
[EventDate "2020.08.07"]
[EventType "swiss"]
[EventCountry "SVK"]
[SourceTitle "playchess.com"]
[Source "ChessBase"]
[SourceQuality "1"]

{[%evp 11,132,25,56,27,64,43,35,11,62,70,62,66,86,13,35,27,26,14,14,14,24,-7,0,0,0,-72,0,-55,0,-5,0,0,8,2,0,-25,-29,-83,-43,-58,0,0,25,-22,-8,-23,0,0,0,-10,25,-21,0,0,0,-7,24,-19,-12,-32,-15,-29,0,0,0,0,0,-10,0,0,0,-2,0,-150,-5,-12,-9,-139,-139,-243,-241,-431,-365,-353,-292,-264,-315,-294,-310,-287,-287,-302,-290,-289,-280,-251,-8,-8,-8,-8,-8,-290,-289,-235,-8,-8,-8,-8,-8,-8,-8,-8,-8,-8,-8,-8,-8,-8,-8,-8,-8,-8,-8]} 1. e4 c5 2. Nf3 e6 3. d4 cxd4 4. Nxd4 a6 5. Nc3 Qc7 6. Bd3 Bd6 7. h3 {[#] B43: Sicilian: Kan Variation: 5 Nc3.} Be5 $146 ({Predecessor:} 7... Ne7 8. Be3 Nbc6 9. Nxc6 dxc6 10. a4 a5 11. Bc4 Ng6 12. O-O O-O 13. Re1 Be7 14. Qe2 Rd8 15. g3 Bd7 16. f4 {½-½ (16) Stefansson,H (2549)-Kveinys,A (2565) Liepaja 2004}) 8. Be3 Nc6 9. Nxc6 {White is slightly better.} bxc6 (9... Qxc6 $11 10. O-O Nf6) 10. Qd2 $14 d5 11. f4 Bf6 12. e5 (12. Qf2 $1 $16) 12... Be7 13. O-O c5 14. Bf2 Bb7 15. b3 Nh6 16. Nd1 O-O 17. c3 Kh8 18. Qc2 (18. Re1 $11) 18... g6 (18... f5 $1 $17) 19. Ne3 (19. Nb2 $11) 19... Qc6 (19... f5 $15) 20. Rac1 Rfc8 21. Be2 a5 22. Bf3 {Hoping for c4.} Qc7 23. a4 Rab8 24. Rb1 (24. Qe2 $11 {keeps the balance.}) 24... Kg7 25. Rfc1 Qd7 ({Black should play} 25... d4 $15 26. cxd4 Bxf3 27. gxf3 Qd8) 26. Qe2 Bc6 27. Qe1 Qd8 28. Be2 Rb6 29. Bd3 Rcb8 30. Bc2 Qd7 31. Bh4 Qd8 32. Bxe7 Qxe7 33. Qg3 f5 34. h4 (34. exf6+ $5 Qxf6 35. Ng4 Nxg4 36. hxg4 $11) 34... Kf7 35. Kf2 c4 36. bxc4 Rxb1 37. Rxb1 Rxb1 38. Bxb1 Qc5 $36 {[%mdl 2048] Black has some pressure.} 39. Bc2 d4 40. cxd4 Qxd4 41. Ke2 Qb2 42. Kf1 {[#]} (42. Qe1 $11) 42... Qa3 ({Better is} 42... Ng4 $1 $17 {[%mdl 512]} 43. Bd3 (43. Nxg4 Qc1+) 43... Nxe3+ {[%mdl 64] Overworked Piece} 44. Qxe3 Qxg2+ 45. Ke1 Qh1+ 46. Kd2 Qxh4 47. Qa7+ Ke8 48. Qb8+ Qd8 49. Qxd8+ Kxd8) 43. Qe1 Bxa4 44. Qxa5 (44. Qd2 $11 {remains equal.}) 44... Qxe3 $17 45. Bxa4 (45. Qc7+ $17 Kf8 46. Qd6+ Kg7 47. Qe7+ Nf7 48. Bxa4) 45... Qxf4+ $19 {[%mdl 64] Double Attack} 46. Kg1 $2 (46. Ke1 {keeps fighting.} Qxh4+ 47. Kd2) 46... Qd4+ 47. Kf1 {intending Qc7+.} Ng4 {[%csl Gg4][%cal Rd4f2]} ({Not} 47... Qxh4 48. Qa7+ Qe7 49. Qd4 $17) 48. Qc7+ Kg8 {[%csl Gg4][%cal Rd4f2]} 49. Qc8+ Kg7 {[%csl Gg4][%cal Rd4f2]} 50. Qd7+ Qxd7 51. Bxd7 {[%mdl 4096] Endgame KB-KN} Kf7 ({Inferior is} 51... Nxe5 52. Bxe6 Kf6 53. Bd5 $11) 52. Ke2 Nxe5 53. Bb5 f4 $2 (53... Ke7 $19 {And now ...Kd6 would win.} 54. Ke3 Kd6) 54. c5 $11 Ke7 55. Kf2 h6 56. Be2 $2 {[%mdl 8192]} (56. g3 $11 {and White stays safe.}) 56... g5 $19 57. g3 {[#]} Kd7 $2 ({Black should try} 57... Nc6 $1 $19 58. Kg2 Nd4) 58. Bb5+ $11 {The position is equal.} Kc7 {White must now prevent ...Nc6.} 59. hxg5 hxg5 60. gxf4 gxf4 {Strongly threatening ...Nc6.} 61. Ke2 Nd7 62. Kf3 Nxc5 {aiming for ...e5.} (62... e5 $5 63. Ke4 $8 Nxc5+ 64. Kxe5 f3 $11) 63. Kxf4 Kd6 64. Bc4 e5+ 65. Ke3 Nd7 66. Bd3 Kd5 {Accuracy: White = 62%, Black = 65%.} 1/2-1/2

[Event "Int SVK-ch Open 2020"]
[Site "Drienica"]
[Date "2020.08.08"]
[Round "2.8"]
[White "Bochnicka Vladimir"]
[Black "Svobodova, Michaela"]
[Result "1-0"]
[WhiteElo "2151"]
[BlackElo "1997"]
[Annotator "ChessBase"]
[PlyCount "75"]
[EventDate "2020.08.07"]
[EventType "swiss"]
[EventCountry "SVK"]
[SourceTitle "playchess.com"]
[Source "ChessBase"]
[SourceQuality "1"]
[TimeControl "40/5400+30:1800+30"]

1. e4 {[%emt 0:00:00]} c5 {[%emt 0:00:00]} 2. Nf3 {[%emt 0:00:00]} e6 {[%emt 0:00:08]} 3. d4 {[%emt 0:00:00]} cxd4 {[%emt 0:00:08]} 4. Nxd4 {[%emt 0:00:00]} a6 {[%emt 0:00:19]} 5. c4 {[%emt 0:00:04]} Nf6 {[%emt 0:01:20]} 6. Nc3 {[%emt 0:00:26]} Bb4 {[%emt 0:02:21]} 7. Qd3 {[%emt 0:02:05]} Qc7 {[%emt 0:05:47]} 8. a3 {[%emt 0:03:00]} Bxc3+ {[%emt 0:04:59]} 9. Qxc3 {[%emt 0:00:59]} Nxe4 {[%emt 0:02:52]} 10. Nb5 {[%emt 0:01:18]} axb5 {[%emt 0:17:23]} 11. Qxg7 {[%emt 0:00:07]} Rf8 {[%emt 0:03:19]} 12. Bh6 {[%emt 0:00:13]} Qc5 {[%emt 0:03:43]} 13. f3 {[%emt 0:01:47]} Nf2 {[%emt 0:09:31]} 14. b4 {[%emt 0:00:46]} Qe7 {[%emt 0:07:37]} 15. Kxf2 {[%emt 0:00:35]} Nc6 {[%emt 0:02:36]} 16. Qxf8+ {[%emt 0:08:13]} Qxf8 {[%emt 0:00:12]} 17. Bxf8 {[%emt 0:00:04]} Kxf8 {[%emt 0:00:08]} 18. cxb5 {[%emt 0:09:00]} Nxb4 {[%emt 0:03:32]} 19. Rc1 {[%emt 0:00:18]} Nd5 {[%emt 0:01:58]} 20. Bd3 {[%emt 0:01:21]} d6 {[%emt 0:03:11]} 21. Rhd1 {[%emt 0:01:40]} Bd7 {[%emt 0:01:53]} 22. Bxh7 {[%emt 0:03:37]} Rxa3 {[%emt 0:07:15]} 23. Be4 {[%emt 0:05:57]} Nc3 {[%emt 0:06:45]} 24. Rxd6 {[%emt 0:04:59]} Nxe4+ {[%emt 0:01:20]} 25. fxe4 {[%emt 0:00:09]} Bxb5 {[%emt 0:00:34]} 26. h4 {[%emt 0:02:21]} Bc6 {[%emt 0:01:25]} 27. Re1 {[%emt 0:00:13]} Ke7 {[%emt 0:01:09]} 28. Rd2 {[%emt 0:02:32]} Kf6 {[%emt 0:01:06]} 29. Re3 {[%emt 0:01:35]} Rxe3 {[%emt 0:04:31]} 30. Kxe3 {[%emt 0:00:32]} Ke5 {[%emt 0:00:07]} 31. Rd4 {[%emt 0:02:37]} f5 {[%emt 0:01:02]} 32. exf5 {[%emt 0:00:45]} exf5 {[%emt 0:02:16]} 33. g3 {[%emt 0:00:42]} Be4 {[%emt 0:02:01]} 34. Rd8 {[%emt 0:00:28]} Bd5 {[%emt 0:00:50]} 35. Rf8 {[%emt 0:00:30]} b5 {[%emt 0:00:29]} 36. h5 {[%emt 0:00:10]} b4 {[%emt 0:02:01]} 37. h6 {[%emt 0:00:11]} b3 {[%emt 0:01:36]} 38. h7 {[%emt 0:00:14]} 1-0

[Event "Int SVK-ch Open 2020"]
[Site "Drienica"]
[Date "2020.08.08"]
[Round "2.8"]
[White "Marsina, Stefan"]
[Black "Dragula, Miroslav"]
[Result "1-0"]
[WhiteElo "1829"]
[BlackElo "1571"]
[Annotator "NA RC"]
[PlyCount "147"]
[EventDate "2020.08.07"]
[EventType "swiss"]
[EventCountry "SVK"]
[SourceTitle "playchess.com"]
[Source "ChessBase"]
[SourceQuality "1"]
[TimeControl "40/5400+30:1800+30"]

{[%evp 9,147,17,32767,18,32767,32767,16,13,32767,-12,-3,32767,-139,-141,-63,32767,32767,32767,32767,32767,32767,32767,32767,32767,32767,32767,32767,0,27,21,15,32767,32767,16,32767,32767,32767,32767,32767,35,70,4,22,-9,66,28,32767,32767,32767,32767,106,89,32767,76,71,76,91,70,88,0,32767,0,85,75,32767,89,135,0,102,73,68,67,82,54,32767,32767,202,32767,32767,32767,175,143,149,0,32767,149,177,183,306,209,206,215,408,187,308,358,350,212,197,297,294,279,274,200,481,570,589,619,953,32767,32767,32767,32767,32767,32767,689,778,573,628,524,582,483,573,610,710,864,722,549,568,608,1875,5261,2036,6231,5406,29977,29983,29987,29986,29988]} 1. d4 {[%emt 0:01:48]} e6 {[%emt 0:00:00]} 2. Nf3 {[%emt 0:00:33]} d5 {[%emt 0:00:01]} 3. c4 {[%emt 0:01:46]} Nf6 {[%emt 0:00:29]} 4. Nc3 {[%emt 0:01:22]} c6 {[%emt 0:01:15]} 5. e3 {[%emt 0:02:02]} Be7 {[%emt 0:00:29]} 6. Bd3 {[%emt 0:00:08]} h6 {[%emt 0:00:19] D45: Semi-Slav: 5 e3.} 7. Qc2 {[%emt 0:00:47]} Nbd7 {[%emt 0:00:51]} 8. a3 {[%emt 0:03:22] [#]} Nb6 $146 {[%emt 0:01:39]} ({Predecessor:} 8... dxc4 9. Bxc4 Nb6 10. Ba2 Nfd5 11. O-O O-O 12. e4 Nxc3 13. bxc3 Nd7 14. e5 Re8 {1-0 (44) Vachev,V (2132)-Golikov,S (1733) Varna 2014}) 9. Ne5 {[%emt 0:06:37]} (9. c5 $14 Nbd7 10. b4) 9... dxc4 {[%emt 0:01:28]} 10. Bg6 {[%emt 0:00:58]} O-O {[%emt 0:00:37]} 11. Be4 {[%emt 0:05:30]} Nxe4 {[%emt 0:01:37]} ({Black should try} 11... c5 $17 12. dxc5 Bxc5) 12. Nxe4 {[%emt 0:00:03]} Nd5 {[%emt 0:00:59]} 13. Qxc4 {[%emt 0:04:13]} Nf6 {[%emt 0:00:33]} 14. Nc3 {[%emt 0:01:41]} Nd7 {[%emt 0:01:42]} 15. Nf3 {[%emt 0:07:07]} Nb6 {[%emt 0:01:01]} 16. Qe2 {[%emt 0:09:18]} Nd5 {[%emt 0:01:06]} 17. Bd2 {[%emt 0:05:35]} Nf6 {[%emt 0:00:19]} 18. O-O {[%emt 0:02:03]} b5 {[%emt 0:00:45]} 19. Rfc1 {[%emt 0:09:30]} a5 {[%emt 0:04:08]} 20. Ne5 {[%emt 0:06:31]} Bb7 {[%emt 0:02:19]} 21. Na2 {[%emt 0:02:03]} Ra6 {[%emt 0:02:04]} 22. b4 {[%emt 0:05:07]} Qa8 {[%emt 0:01:08]} 23. f3 {[%emt 0:08:05]} Rd8 {[%emt 0:01:32]} 24. Rab1 {[%emt 0:04:39]} Nd5 {[%emt 0:00:28]} 25. e4 {[%emt 0:01:53]} (25. Rc2 $14) 25... Nf6 {[%emt 0:03:18]} 26. Qf2 {[%emt 0:02:15]} axb4 {[%emt 0:00:51]} (26... Nd7 $11) 27. Nxb4 {[%emt 0:00:57]} Bxb4 {[%emt 0:12:16]} 28. Bxb4 {[%emt 0:00:02]} Rc8 {[%emt 0:00:15]} 29. Rc3 {[%emt 0:00:26]} Qb8 {[%emt 0:06:00]} 30. Rbc1 {[%emt 0:00:50]} Qc7 {[%emt 0:01:22]} 31. Qc2 {[%emt 0:00:31]} Nd7 {[%emt 0:02:36]} 32. Nd3 {[%emt 0:00:41]} Qd8 {[%emt 0:05:50]} 33. Qf2 {[%emt 0:00:28]} Qe8 {[%emt 0:02:44]} 34. Qc2 {[%emt 0:00:29]} Nb8 {[%emt 0:01:11]} 35. Qf2 {[%emt 0:01:08]} (35. Nc5 $16 Ra7 36. Nxb7 Rxb7 37. d5) 35... Nd7 {[%emt 0:00:59]} 36. h3 {[%emt 0:00:55]} Ba8 {[%emt 0:00:38]} 37. Qg3 {[%emt 0:01:16]} Ra7 {[%emt 0:03:32]} 38. Qf2 {[%emt 0:01:33]} (38. d5 $16) 38... Ra6 $1 {[%emt 0:00:11]} 39. Qe3 {[%emt 0:01:08]} Bb7 {[%emt 0:00:45]} 40. Qf4 {[%emt 0:00:50]} f6 {[%emt 0:04:07]} 41. Qd2 {[%emt 0:30:30]} Kf7 {[%emt 0:35:21]} 42. Kh1 {[%emt 0:00:41]} g5 {[%emt 0:02:45]} (42... Kg8 $16) 43. Qa2 {[%emt 0:00:00]} Kg7 {[%emt 0:00:00]} 44. Qc2 {[%emt 0:00:00]} Kg8 {[%emt 0:00:00]} 45. Qf2 {[%emt 0:00:00]} Kg7 {[%emt 0:00:00]} 46. Qc2 $2 {[%emt 0:00:00]} (46. f4 $16) 46... Qg6 {[%emt 0:00:00]} 47. Qe2 {[%emt 0:00:00]} Qe8 {[%emt 0:00:00]} 48. f4 {[%emt 0:00:00]} Kg6 {[%emt 0:00:00]} (48... Raa8 $142 49. fxg5 hxg5) 49. Re1 {[%emt 0:00:00]} Kg7 {[%emt 0:00:00]} 50. f5 {[%emt 0:00:00]} Raa8 $2 {[%emt 0:00:00]} (50... c5) 51. Qa2 {[%emt 0:00:00]} (51. e5 $142) 51... e5 {[%emt 0:00:00]} (51... c5 $16) 52. dxe5 {[%emt 0:00:37]} Nxe5 {[%emt 0:00:00]} 53. Nc5 {[%emt 0:00:29]} Ra7 {[%emt 0:00:00]} 54. Ne6+ {[%emt 0:00:23]} Kh8 {[%emt 0:00:00]} 55. Qf2 {[%emt 0:00:35]} Raa8 {[%emt 0:00:00]} 56. Qd4 {[%emt 0:01:37]} (56. Bd6 $142) 56... Qd7 $2 {[%emt 0:00:00]} (56... Qf7 57. Rd1 Rg8) 57. Bd6 {[%emt 0:01:01]} Ra4 {[%emt 0:00:37]} 58. Qd1 {[%emt 0:00:53]} Qf7 {[%emt 0:02:08]} 59. Nc5 {[%emt 0:01:25]} Rc4 {[%emt 0:02:59]} 60. Bxe5 {[%emt 0:03:00]} fxe5 {[%emt 0:00:43]} 61. Rxc4 {[%emt 0:00:34]} bxc4 {[%emt 0:01:29]} 62. Qd6 {[%emt 0:01:04] Double Attack} Qg7 {[%emt 0:01:35]} 63. Nxb7 {[%emt 0:00:04]} Qxb7 {[%emt 0:01:06]} 64. Qxh6+ {[%emt 0:00:08]} Qh7 {[%emt 0:00:41]} 65. Qxg5 {[%emt 0:00:18]} Qg7 {[%emt 0:00:58]} 66. Qh4+ {[%emt 0:00:37]} Kg8 {[%emt 0:00:25]} 67. Rd1 {[%emt 0:00:22]} c3 {[%emt 0:00:50]} 68. Rd6 {[%emt 0:01:03]} c2 {[%emt 0:00:31]} 69. Qe1 {[%emt 0:00:29]} Kf8 {[%emt 0:01:20]} 70. Qc3 {[%emt 0:00:21]} Qe7 {[%emt 0:00:59]} 71. Re6 {[%emt 0:00:31]} c1=Q+ {[%emt 0:01:25]} 72. Qxc1 {[%emt 0:00:03]} Qg7 {[%emt 0:00:25]} 73. Qc5+ {[%emt 0:00:24] Double Attack} Kg8 {[%emt 0:00:25] [#]} 74. Rg6 {[%emt 0:00:08]} 1-0

[Event "Int SVK-ch Open 2020"]
[Site "Drienica"]
[Date "2020.08.08"]
[Round "2.9"]
[White "Priechodsky, Radovan"]
[Black "Pastir Stanislav"]
[Result "1-0"]
[WhiteElo "2003"]
[BlackElo "2145"]
[Annotator "ChessBase"]
[PlyCount "45"]
[EventDate "2020.08.07"]
[EventType "swiss"]
[EventCountry "SVK"]
[SourceTitle "playchess.com"]
[Source "ChessBase"]
[SourceQuality "1"]
[TimeControl "40/5400+30:1800+30"]

1. c4 {[%emt 0:00:00]} e5 {[%emt 0:01:56]} 2. Nc3 {[%emt 0:01:07]} Nc6 {[%emt 0:00:45]} 3. d3 {[%emt 0:01:46]} Bc5 {[%emt 0:00:45]} 4. g3 {[%emt 0:04:40]} d6 {[%emt 0:00:25]} 5. Bg2 {[%emt 0:04:04]} a6 {[%emt 0:00:35]} 6. Nf3 {[%emt 0:03:24]} f5 {[%emt 0:06:53]} 7. e3 {[%emt 0:01:24]} Nf6 {[%emt 0:01:24]} 8. O-O {[%emt 0:03:05]} Ba7 {[%emt 0:00:55]} 9. Rb1 {[%emt 0:02:33]} O-O {[%emt 0:01:16]} 10. b4 {[%emt 0:00:26]} Qe8 {[%emt 0:09:57]} 11. b5 {[%emt 0:07:10]} axb5 {[%emt 0:00:04]} 12. Nxb5 {[%emt 0:00:26]} Bb6 {[%emt 0:00:25]} 13. Nxd6 {[%emt 0:06:06]} cxd6 {[%emt 0:04:42]} 14. Rxb6 {[%emt 0:12:43]} Rxa2 {[%emt 0:06:50]} 15. Qb3 {[%emt 0:01:48]} Ra1 {[%emt 0:07:44]} 16. Ba3 {[%emt 0:04:35]} Rxf1+ {[%emt 0:00:07]} 17. Kxf1 {[%emt 0:11:46]} Qe7 {[%emt 0:01:03]} 18. Ng5 {[%emt 0:08:59]} Nd7 {[%emt 0:45:13]} 19. Bxd6 {[%emt 0:20:07]} Qxg5 {[%emt 0:00:03]} 20. Bd5+ {[%emt 0:00:41]} Rf7 {[%emt 0:01:04]} 21. Rxb7 {[%emt 0:01:51]} Qf6 {[%emt 0:05:23]} 22. Rc7 {[%emt 0:00:58]} Qxd6 {[%emt 0:02:55]} 23. Rxc8+ {[%emt 0:00:19]} 1-0

[Event "Int SVK-ch Open 2020"]
[Site "Drienica"]
[Date "2020.08.08"]
[Round "2.9"]
[White "Sedlak, Mikulas"]
[Black "Nandrazi, Dominik"]
[Result "1-0"]
[WhiteElo "1573"]
[BlackElo "1883"]
[Annotator "NA"]
[PlyCount "117"]
[EventDate "2020.08.07"]
[EventType "swiss"]
[EventCountry "SVK"]
[SourceTitle "playchess.com"]
[Source "ChessBase"]
[SourceQuality "1"]
[TimeControl "40/5400+30:1800+30"]

{[%evp 13,117,33,32767,32767,32767,32767,32767,32767,32767,32767,0,32767,23,-10,32767,32767,32767,0,32,32767,32767,32767,32767,32767,0,32767,32767,-41,9,-124,-126,32767,-118,32767,-134,32767,-145,32767,32767,-108,32767,32767,-91,32767,-100,32767,32767,-127,32767,32767,-153,-194,-150,-134,32767,-175,-189,-183,-144,-133,-110,-180,-177,-165,-184,-196,-204,-200,-210,32767,32767,32767,32767,32767,-241,32767,-209,32767,32767,32767,-324,-433,-468,-428,32767,32767,201,570,626,713,577,644,572,895,880,833,714,780,920,2047,1494,1141,1156,1481,1132,4204]} 1. e4 {[%emt 0:00:00]} c6 {[%emt 0:00:00]} 2. d4 {[%emt 0:00:29]} d5 {[%emt 0:00:00]} 3. Nc3 {[%emt 0:00:15]} h6 {[%emt 0:00:00]} 4. Nf3 {[%emt 0:00:26]} dxe4 {[%emt 0:00:00]} 5. Nxe4 {[%emt 0:00:17]} Bf5 {[%emt 0:00:00]} 6. Ng3 {[%emt 0:00:07]} Bh7 {[%emt 0:00:00]} 7. Bd3 {[%emt 0:00:31]} Bxd3 {[%emt 0:00:03]} 8. Qxd3 {[%emt 0:00:01]} e6 {[%emt 0:00:07] B18: Classical Caro-Kann: 4...Bf5 sidelines.} 9. Bd2 {[%emt 0:00:26]} Nf6 {[%emt 0:00:06]} 10. Ne4 {[%emt 0:00:56]} Nbd7 {[%emt 0:00:06]} 11. O-O-O {[%emt 0:00:42]} Nxe4 {[%emt 0:01:47]} 12. Qxe4 {[%emt 0:00:12]} Nf6 {[%emt 0:00:03] [#]} 13. Qd3 $146 {[%emt 0:00:04]} ({Predecessor:} 13. Qe2 Qc7 14. g3 Bd6 15. c4 b6 16. Kb1 Qe7 17. Rhe1 Bb4 18. Bxb4 Qxb4 19. d5 cxd5 20. cxd5 {1-0 (47) Richardson,J (2248)-Makepeace,P (2077) London 2016}) 13... Bd6 {[%emt 0:01:18]} 14. Qe2 {[%emt 0:02:20]} Qc7 {[%emt 0:00:50]} 15. Kb1 {[%emt 0:01:23]} O-O {[%emt 0:04:29]} 16. h3 {[%emt 0:01:43]} c5 {[%emt 0:03:19]} 17. dxc5 {[%emt 0:01:59]} Bxc5 {[%emt 0:00:21]} 18. Bc3 {[%emt 0:01:57]} Nd5 {[%emt 0:00:24]} 19. Be5 Qb6 {[%emt 0:00:18]} 20. Ka1 {[%emt 0:12:30]} Bxf2 {[%emt 0:04:47]} 21. Bd4 {[%emt 0:02:58]} (21. c4 $11 Ne7 22. b4) 21... Bxd4 {[%emt 0:00:03]} 22. Nxd4 {[%emt 0:00:24]} Rac8 {[%emt 0:01:02]} 23. c3 {[%emt 0:01:42]} Rc5 {[%emt 0:00:36]} 24. Nb3 {[%emt 0:00:35]} Rc7 {[%emt 0:00:19]} 25. g4 {[%emt 0:01:30]} a5 {[%emt 0:00:26]} 26. Nd4 {[%emt 0:08:09]} a4 {[%emt 0:01:10]} 27. a3 {[%emt 0:03:27]} Rfc8 {[%emt 0:01:29]} 28. Rb1 {[%emt 0:02:50]} Rc4 {[%emt 0:08:40]} 29. Rhc1 {[%emt 0:05:53]} Nf4 {[%emt 0:04:24]} 30. Qf3 {[%emt 0:04:38]} Nd5 {[%emt 0:08:05]} 31. Qe2 {[%emt 0:03:32]} Qc5 {[%emt 0:00:40]} 32. Qe5 {[%emt 0:06:32]} Qc7 {[%emt 0:02:54]} 33. Qxc7 {[%emt 0:02:19]} R8xc7 {[%emt 0:00:10]} 34. Re1 {[%emt 0:02:48]} Nf4 {[%emt 0:01:40]} 35. Re3 {[%emt 0:00:49]} R7c5 {[%emt 0:00:35]} 36. Rf1 {[%emt 0:00:59]} e5 {[%emt 0:00:30]} 37. Nc2 {[%emt 0:01:32]} (37. Nf3 $17 Ng6 38. Rfe1) 37... f6 {[%emt 0:00:22]} 38. Nb4 {[%emt 0:01:20]} Kh7 {[%emt 0:00:17]} 39. Rd1 {[%emt 0:01:05]} Kg6 {[%emt 0:03:21]} 40. Rd7 {[%emt 0:01:50]} Rc7 {[%emt 0:00:04]} 41. Rd2 {[%emt 0:31:23]} Ne6 {[%emt 0:31:41]} 42. Kb1 {[%emt 0:02:24]} Nc5 {[%emt 0:00:18]} 43. Kc2 {[%emt 0:01:22]} Nb3 {[%emt 0:00:18]} 44. Rd6 {[%emt 0:01:06]} Kg5 {[%emt 0:00:35]} 45. Kb1 {[%emt 0:00:42]} Rf4 {[%emt 0:00:22]} 46. Rd1 {[%emt 0:01:11]} Rf2 {[%emt 0:01:27]} 47. Nd5 {[%emt 0:00:56]} Rd7 {[%emt 0:00:12]} 48. Red3 {[%emt 0:01:36]} e4 {[%emt 0:00:06]} 49. Nxf6 {[%emt 0:01:49]} Rxb2+ $4 {[%emt 0:02:15]} ({Weaker is} 49... exd3 50. Nxd7 Re2 51. Nb6 $19) (49... Re7 $19 {avoids the disaster.} 50. Nd5 Re5 51. h4+ Kg6) 50. Kxb2 {[%emt 0:01:15]} Rxd3 {[%emt 0:00:36]} 51. Nxe4+ {[%emt 0:00:34]} Kf4 {[%emt 0:00:04]} 52. Rxd3 {[%emt 0:00:24]} Kxe4 {[%emt 0:00:04]} 53. Rd7 {[%emt 0:00:33] Double Attack} g5 {[%emt 0:00:14]} 54. Rxb7 {[%emt 0:01:15]} Nc5 {[%emt 0:00:07]} 55. Rh7 {[%emt 0:00:37]} Kf4 {[%emt 0:00:45]} 56. Rxh6 {[%emt 0:01:06]} (56. Kc2 $142 Ne4 57. Rxh6) 56... Nd3+ {[%emt 0:00:11]} 57. Kc2 {[%emt 0:00:16]} Ne1+ {[%emt 0:00:06]} 58. Kd2 {[%emt 0:00:16]} Nf3+ {[%emt 0:00:02]} 59. Ke2 $18 {[%emt 0:00:38]} 1-0

[Event "Int SVK-ch Open 2020"]
[Site "Drienica"]
[Date "2020.08.08"]
[Round "2.10"]
[White "Macko Michal"]
[Black "Panko, Eduard"]
[Result "1-0"]
[WhiteElo "2142"]
[BlackElo "1997"]
[Annotator "TA"]
[PlyCount "85"]
[EventDate "2020.08.07"]
[EventType "swiss"]
[EventCountry "SVK"]
[SourceTitle "playchess.com"]
[Source "ChessBase"]
[SourceQuality "1"]

{[%evp 14,85,76,67,116,74,59,70,65,62,67,20,48,37,47,-7,0,-40,19,-22,-21,-43,0,-54,-5,-57,-13,-33,48,63,60,50,120,108,127,95,87,89,80,68,125,74,207,202,207,210,261,205,229,195,208,185,208,208,197,191,335,320,1019,992,977,991,1241,1232,1890,825,1201,1226,1645,1614,29983,29984,29993,29990]} 1. e4 d6 2. d4 Nf6 3. Nc3 c6 4. f4 Qa5 5. Bd3 e5 6. Nf3 Bg4 7. Be3 exf4 8. Bxf4 Qb4 {B07: Pirc Defence: Miscellaneous Systems.} 9. Qd2 (9. a3 {keeps more tension.} Qb6 10. Be3 Be7 11. Qd2 Bh5 12. O-O-O) 9... Bxf3 10. gxf3 Qxd4 {White is slightly better.} 11. O-O-O {Nb5! is the strong threat.} Nbd7 {[#]} 12. Qe1 $146 {[%mdl 1024] White has compensation.} ({Predecessor:} 12. Be3 Qb4 13. a3 Qa5 14. f4 Be7 15. Rhg1 g6 16. Rg5 Qc7 17. e5 dxe5 18. fxe5 Nxe5 {0-1 (43) Msellek,I (2316)-Danielian,E (2407) chess.com INT 2020}) 12... Ne5 13. Be2 Qb6 14. Na4 (14. h4 $14) 14... Qc7 $11 15. Qc3 O-O-O (15... Be7 $15) 16. h4 Be7 17. Bg3 h6 18. Nc5 (18. h5 $11) 18... Rhe8 19. Nb3 (19. Bh2 $11) 19... Bf8 20. Nd2 g5 ({Black should try} 20... Nh5 $15 21. Bh2 g6) 21. hxg5 $1 $14 hxg5 22. Qe3 Be7 ({Black should play} 22... Kb8 $14) 23. Qxa7 $16 b5 24. Qe3 Kb7 25. Qb3 Nfd7 26. Bxe5 Nxe5 {[#]} (26... Nc5 $14 27. Qxf7 Rf8 28. Bxd6 Rxd6) 27. c4 (27. a4 $142 $1) 27... Rb8 {Now Black is done in.} (27... b4 $16) 28. cxb5 $18 cxb5+ 29. Kb1 Qb6 30. Bxb5 Rec8 31. a4 Ka7 32. Ka1 Rc5 33. Nb1 Qa5 34. Nc3 Nc4 (34... Nxf3 {was called for.} 35. Rd5 (35. Qxf7 Rxc3 36. Qxe7+ Rc7 $15) 35... Rcc8) 35. Rd5 {Strongly threatening Rxc5.} Nb6 $2 (35... Ne5 36. Rxc5 dxc5) 36. Rxc5 {[%mdl 64] Discovered Attack} dxc5 37. Qxf7 Rb7 38. Bc6 Nxa4 39. Bxa4 (39. Nxa4 $142 g4 40. Bxb7 Qxa4+ {[#]} 41. Kb1 $1 {[%mdl 512]}) 39... Qb4 {[#]} 40. Nb5+ $1 Ka6 (40... Rxb5 41. Bxb5) 41. Qa2 {Rh6+ would kill now.} Ka5 42. Nc3 Ra7 43. Be8+ {Accuracy: White = 57%, Black = 38%.} 1-0